00629nam a2200205Ia 4500008004100000050001200041050001500053100003000068245010700098245003000205260003100235260001000266260001000276300001600286300002000302300001100322500005600333521001500389999001900404170504s9999 xx 000 0 und d aRM 222  b.N583 2015 aNicasio, Alexandra Jan M. aLevels of self- concept and lifestyle profile of selected health conscious adults in Las Piñas city/ cAlexandra Jan M. Nicasio. aLas Piñas, Philippines : bSISC, c2015. a110 pages : billustrations ; c28 cm. aIncludes bibliographical references and appendices. aPsychology c329828d329828